ბათუმის შოთა რუსთაველის სახელმწიფო უნივერსიტეტის ბიბლიოთეკა

ინგლისური ენის გრამატიკა : სავარჯიშოების კრებული / (ბიბ.ჩანაწერი № 38556)

000 -ლიდერი
ფიქსირებული სიგრძის საკონტროლო ველი 01245nam a2200253Ia 4500
001 - საკონტროლო ნომერი
საკონტროლო ველი 4657
003 - საკონტროლო ნომრის იდენტიფიკატორი
საკონტროლო ველი GE_BSU
005 - ბოლო ოპერაციის თარიღი და დრო
საკონტროლო ველი 20190510155818.0
008 - ფიქსირებული სიგრძის მონაცემთა ელემენტები - ზოგადი ინფორმაცია
ფიქსირებული სიგრძის საკონტროლო ველი 181216s1999||||ge |||||||||||||| ||geo||
040 ## - კატალოგიზაციის წყარო
Transcribing agency GE_BSU
041 ## - ენის კოდი
Language code of text/sound track or separate title geo
080 ## - უნივერსალური ათობითი კლასიფიკაციის ინდექსი
Universal Decimal Classification number 811.111(075.1) გ–65
100 ## - მთავარი ჩანაწერი - პიროვნების სახელი
Personal name გოლიცინსკი, ი
9 (RLIN) 974
245 ## - ცნობა სათაურის შესახებ
Title ინგლისური ენის გრამატიკა : სავარჯიშოების კრებული /
Statement of responsibility, etc ი .გოლიცინსკი ; მთარგმნ : მარინა ლოგუა ; რედ : მ. ინასარიძე
264 ## - წარმოების, გამოცემის, დისტრიბუციის და სხვა ცნობები
გამოცემის, წარმოების, დისტრიბუციის... ადგილი თბილისი. :
გამოცემის, წარმოების, დისტრიბუციის... სახელწოდება დეგი,
გამოცემის, წარმოების, დისტრიბუციის... თარიღი 1999.
300 ## - ფიზიკური აღწერა
Extent 472გვ .;
Dimensions 20სმ.
500 ## - ზოგადი შენიშვნა
General note ინგლ–ქართ. ლექსიკონი გვ.364– 439, ქართ–ინგლ. ლექსიკონი გვ.440–471.
653 ## - INDEX TERM--UNCONTROLLED
Uncontrolled term ინგლისური ენის გრამატიკაია
653 ## - INDEX TERM--UNCONTROLLED
Uncontrolled term ინგლისური ენა
700 ## - ADDED ENTRY--PERSONAL NAME
Personal name ლოგუა, მარინა
Relator term მთარგმნელი
9 (RLIN) 971
700 ## - ADDED ENTRY--PERSONAL NAME
Personal name ინასარიძე, მ
Relator term რედაქტორი
9 (RLIN) 975
942 ## - ADDED ENTRY ELEMENTS (KOHA)
Koha item type წიგნი
Source of classification or shelving scheme
ეგზემპლარები
ჩამოწერის სტატუსი დაკარგული ეგზემპლარის სტატუსი კლასიფიკაციის წყარო ან თაროზე გაწყობის სქემა დაზიანების სტატუსი არ გაიცემა მუდმივი მდებარეობა (დაცვის ადგილი) ამჟამინდელი ადგილსამყოფელი თაროზე განთავსების ადგილი შეძენის თარიღი ღირებულება, შესყიდვის ნორმალური ფასი სრული შენახვის შიფრი შტრიხკოდი ბოლო ოპერაციის თარიღი ეგზემპლარის მიმდევრობითი ნომერი (კეტერი?) ფასის ძალაში შესვლის თარიღი ეგზემპლარის სახეობა საჯარო შენიშვნა
          ტექნოლოგიური ფაკულტეტის ბიბლიოთეკა ტექნოლოგიური ფაკულტეტის ბიბლიოთეკა წიგნსაცავი 2018-12-17 7.00 811.111(075.1) გ–65 8345 2018-12-17 8345 2018-12-17 წიგნი 7 ლ.